Marvel villians - par images - Statistiques

Statistiques générales
  • Ce quiz a été pris 917 fois
  • Le résultat moyen est 17 sur 27
Statistiques - réponses
Par images Réponse % Correct
Loki
99%
Thanos
97%
Venom
96%
Crâne rouge
92%
Bouffon vert
91%
Ultron
89%
Magneto
85%
Dr.Doom
84%
Galactus
75%
Hela
71%
Lézard
71%
Mysterio
71%
Kraven le chasseur
66%
Caïd
64%
Dr.Octopus
64%
L'abomination
64%
Kang le conquérant
59%
Mystique
59%
Fléau
48%
MODOK
41%
Mephisto
38%
Dent de sabre
34%
Dormammu
32%
Bullseye
25%
Apocalypse
20%
Killmonger
15%
Mole Man
14%
Aucun quiz correspondant
Distribution des résultats
% des personnes avec chaque résultat
Percentile par nombre de réponses
Votre historique - résultats
Vous n’avez pas pris ce quiz